000 00310nam a2200121Ia 4500
003 GCL
008 140319s9999 xx 000 0 ara d
040 _aGCL /
_cGCL
082 0 4 _a813.01
_bع ن
245 1 0 _aالنمل الاسود : قصص قصيرة
300 _a120 ص
490 _aالكتاب الماسى
_v0
999 _c39834
_d39834